[Krno, Miloš]

Zobrazenie: Podobizeň národného pracovníka, národohospodára, publicistu, vydavateľa, právnika Miloša Krna z 10. marca 1893 (7.9.1869 Čerenčany - 18.5.1917 Novi Sad, Srbsko).

Bibliographic Details
Corporate Author: Strelisky (Budapešť, Maďarsko) (Author)
Format: Photo
Language:Hungarian
PhysicalDescription:1 fotografia v hnedom tóne 21 x 12 cm
Published: [S.l. s.n.] 1893
Subjects:

MARC

LEADER 00000nkmaa2200000 a 4500
001 vtls011896970
003 SK-MaSNL
005 20260301225351.0
007 kh ao
008 230802e1893 hu | ||00 k|hun
035 |a urn:nbn:sk:snk-km00eju2 
035 |a urn:nbn:sk:snk-km45vok 
035 |a E481D7DF-70E2-4B11-854B-DD9E0595DD98 
040 |a SNKLA  |b slo  |c SNKLA  |e AACR2 
041 0 |a hun 
044 |a hu  |c HU 
110 2 |a Strelisky (Budapešť, Maďarsko)  |4 aut  |9 160624 
245 1 0 |a [Krno, Miloš]  |h grafika 
260 |a [S.l.  |b s.n.]  |c 1893 
300 |a 1 fotografia  |b v hnedom tóne  |c 21 x 12 cm 
520 2 |a Zobrazenie: Podobizeň národného pracovníka, národohospodára, publicistu, vydavateľa, právnika Miloša Krna z 10. marca 1893 (7.9.1869 Čerenčany - 18.5.1917 Novi Sad, Srbsko). 
600 1 7 |a Krno, Miloš,  |d 1869-1917  |2 SNKMA  |9 200343 
655 7 |a portrétne fotografie  |2 SNKPH  |9 305796 
852 |a Slovenská národná knižnica  |b Literárny archív 
852 7 |a Slovenská národná knižnica  |b Literárny archív 
958 |a ZO 
958 |a BLA 
999 |c 950623  |d 952553 
952 |a SNKLA  |b SNKLA  |c SNKLA_DEP  |y NEVYP  |7 0  |p 17A1310464  |o snkSK 70/90  |i snkLA 7189/1983  |0 0  |1 0  |4 0  |d 2019-10-29  |f 1  |l 0  |r 2026-02-24 09:47:06  |w 2026-02-24